Normal view
MARC view
Entry Corporate Name
001 - CONTROL NUMBER
- control field: 26166
003 - CONTROL NUMBER IDENTIFIER
- control field:
005 - DATE AND TIME OF LATEST TRANSACTION
- control field: 20260107111519.0
008 - FIXED-LENGTH DATA ELEMENTS
- fixed length control field: 260107|| aca||aabn | a|a d
040 ## - CATALOGING SOURCE
- Original cataloging agency:
- Transcribing agency:
110 ## - HEADING--CORPORATE NAME
- Corporate name or jurisdiction name as entry element: The World Bank
670 ## - SOURCE DATA FOUND
- Source citation: Work cat.: ()522: The World Bank, Sustainable Development in a dynamic world: , 2003.